000 00387nam a2200097Ia 4500
008 180130s9999 xx 000 0 und d
245 _cAhmad, Rabiah; Yunos, Zahri; Sahib, Shahrin; Yusoff, Mariana
_aPerception on cyber terrorism: a focus group discussion approach
260 _c2015
300 _aBook title: Cyber security--Acession number C20544; pages 107-120
650 _aCYBER SECURITY
999 _c354211
_d354211